Country by Airline - Statistics

General Stats
  • This quiz has been taken 34 times
  • The average score is 26 of 39
Answer Stats
Airline Country % Correct
Aer Lingus Ireland
94%
Brussels Airlines Belgium
91%
Scandinavia Airlines Denmark, Sweden
91%
Delta United States
91%
Lufthansa Germany
88%
JetBlue United States
88%
Spirit United States
88%
Qantas Australia
85%
Frontier United States
85%
IndiGo India
82%
Iberia Spain
82%
Ryanair Ireland
79%
Ita Airways Italy
79%
Etihad Airways United Arab Emirates
79%
Easyjet United Kingdom
79%
Virgin Atlantic United Kingdom
79%
Eurowings Germany
76%
Aegean Greece
76%
VietJet Air Vietnam
76%
Jetstar Australia
74%
Air Baltic Estonia, Latvia, Lithuania
74%
KLM Netherlands
74%
Aeroflot Russia
71%
ANA Japan
65%
Avianca Colombia
62%
El Al Israel
62%
Lux Air Luxembourg
62%
Transavia Netherlands
62%
LATAM Airlines Chile
59%
Mahan Air Iran
56%
Gulf Air Bahrain
53%
Eva Air Taiwan
41%
Copa Airlines Panama
38%
Scoot Singapore
38%
Air Tahiti Nui French Polynesia
35%
Batik Air Indonesia
35%
Air Niugini Papua New Guinea
29%
Air Calin New Caledonia
26%
Qanot Sharq Uzbekistan
12%
No matching quizzes found
Score Distribution
Percent of People with Each Score
Percentile by Number Answered
Your Score History
You have not taken this quiz